Movies Quiz

Random Movies or Baseball Quiz

Baseball Movies by Picture Quiz Stats

 Plays Quiz Updated Mar 17, 2018

Also try: Baseball Movies
Challenge
Share
Tweet
Score 0/20 Timer 05:00
8 Plays Today
% Correct
The Bad News Bears
92.1%
The Sandlot
86.4%
Angels in the Outfield
85.4%
Major League
84.2%
Field of Dreams
84.1%
A League of Their Own
83.8%
The Natural
73.9%
Bull Durham
64.6%
Rookie of the Year
59%
The Rookie
56.9%
% Correct
Fever Pitch
55.8%
Eight Men Out
54.5%
61*
42.1%
Pride of the Yankees
41.4%
Little Big League
40.4%
For Love of the Game
39.9%
Mr. Baseball
36.8%
The Fan
34.4%
The Scout
25.8%
Bang the Drum Slowly
14.5%

You're not logged in!

Compare scores with friends on all Sporcle quizzes.
Join for Free
OR
Log In

You Might Also Like...

Show Comments

Extras

Top Quizzes Today


Score Distribution

Your Account Isn't Verified!

In order to create a playlist on Sporcle, you need to verify the email address you used during registration. Go to your Sporcle Settings to finish the process.

Report this User

Report this user for behavior that violates our Community Guidelines.

Details: